Σύγκριση περιβαλλοντικών και οικονομικών δεδομένων από τη χρήση αυτοκινήτων diesel με αυτά της υβριδικής τεχνολογίας. Παράδειγμα στην ελληνική αγορά αυτοκινήτων : διπλωματική εργασία
Αποθηκεύτηκε σε:
| Κύριος συγγραφέας: | |
|---|---|
| Συγγραφή απο Οργανισμό/Αρχή: | |
| Άλλοι συγγραφείς: | |
| Μορφή: | Thesis Βιβλίο |
| Γλώσσα: | Greek |
| Δημοσίευση: |
2013
|
| Θέματα: | |
| Διαθέσιμο Online: | http://hdl.handle.net/11610/8417 |
| Ετικέτες: |
Προσθήκη ετικέτας
Δεν υπάρχουν, Καταχωρήστε ετικέτα πρώτοι!
|
MARC
| LEADER | 00000cam a2200000 i 4500 | ||
|---|---|---|---|
| 001 | 1/48186 | ||
| 008 | 140526s2013 gre d | ||
| 035 | |l 10117785 | ||
| 040 | |a GR-MY-UA |b gre |e aacr | ||
| 041 | 0 | |a gre | |
| 082 | 0 | |a 338.476292 |2 (23) | |
| 100 | 1 | |a Παντέλαρος, Νικόλαος. | |
| 245 | 1 | 0 | |a Σύγκριση περιβαλλοντικών και οικονομικών δεδομένων από τη χρήση αυτοκινήτων diesel με αυτά της υβριδικής τεχνολογίας. Παράδειγμα στην ελληνική αγορά αυτοκινήτων : |b διπλωματική εργασία / |c Παντελάρος Νικόλαος ; επιβλέπων: Γκιάλας Ιωάννης |
| 260 | |c 2013 | ||
| 300 | |a 156 σ.; |b πίν., διαγρ.; |c 30 εκ. | ||
| 502 | # | # | |a Πτυχιακή εργασία – Πανεπιστήμιο Αιγαίου, Χίος, 2013. |
| 504 | |a Βιβλιογραφία: σ.150-151 | ||
| 650 | 0 | 0 | |a Automobile industry and trade |x Economic aspects |x Environmental aspects. |
| 650 | 0 | 0 | |a Transportation, Automotive |x Economic aspects |x Environmental aspects. |
| 650 | 0 | 0 | |a Hybrid systems |x Economic aspects |x Environmental aspects. |
| 650 | 0 | 0 | |a Dissertations, Academic |z Greece. |
| 700 | 0 | |4 ths |a Γκιάλας, Ιωάννης. | |
| 710 | 2 | |a Πανεπιστήμιο Αιγαίου |b Σχολή Επιστημών της Διοίκησης |b Τμήμα Μηχανικών Οικονομίας και Διοίκησης. | |
| 852 | |a INST |b CHIOS |c DIATR |e 20140526 |h 338.476292 ΠΑΝ |p 005200036555 |q 005200036555 |t DIE |y 23 | ||
| 852 | |a INST |b CHIOS |c DIATR |e 20140526 |h 338.476292 ΠΑΝ |p 005200036556 |q 005200036556 |t DIE |y 23 | ||
| 856 | |u http://hdl.handle.net/11610/8417 | ||
| 901 | |a BIBL2-2014-2 | ||
| 909 | |a Χ |b 179787 | ||
| 909 | |a Χ |b 179788 | ||
| 924 | |a ΠΑΝΤΕΛΑΡΟΣ |b ΝΙΚΟΛΑΟΣ |y ΧΙΟΣ |z 2013-05 | ||
| 970 | |a ΣΑΛΑΜΟΥΡΑ |b ΜΑΡΙΑ |z 2014/05/26 | ||